Bashō ni okeru "sabi" no kōzō,
Saved in:
| Main Author: | |
|---|---|
| Format: | Book |
| Language: | Japanese |
| Published: |
Tōkyō,
Hanawa Shobō,
Shōwa 48 (1973)
|
| Series: | Hanawa sensho,
77 |
| Subjects: | |
| Tags: |
Add Tag
No Tags, Be the first to tag this record!
|
| LEADER | 01015nam a2200301 4500 | ||
|---|---|---|---|
| 001 | 007732902-3 | ||
| 005 | 20024617115958.0 | ||
| 008 | 890712s1973 ja b 000 0 jpn | ||
| 010 | |a 73803898 | ||
| 015 | |a Ja73-7070 | ||
| 035 | 0 | |a ocm23318213 | |
| 040 | |a DLC |c MiU |d OCoLC |d *YNH* |d CStRLIN | ||
| 050 | 0 | |a PL794.4.Z5 |b F85 | |
| 100 | 1 | |6 880-01 |a Fukumoto, Ichirō, |d 1943- | |
| 245 | 1 | 0 | |6 880-02 |a Bashō ni okeru "sabi" no kōzō, |c Fukumoto Ichirō cho. |
| 260 | |6 880-03 |a Tōkyō, |b Hanawa Shobō, |c Shōwa 48 (1973) | ||
| 300 | |a 311 p. |c 19 cm. | ||
| 490 | 0 | |6 880-04 |a Hanawa sensho, |v 77 | |
| 500 | |a Colophon inserted. | ||
| 504 | |a Bibliography: p. 301-307. | ||
| 600 | 1 | 0 | |6 880-05 |a Matsuo, Bashō, |d 1644-1694. |
| 880 | 1 | |6 100-01 |a 復本一郎, |d 1943- | |
| 880 | 1 | 0 | |6 245-02 |a 芭蕉における「さび」の構造, |c 復本一郎著. |
| 880 | |6 260-03 |a 東京, |b 塙書房, |c 昭和48 (1973) | ||
| 880 | 0 | |6 490-04 |a 塙選書, |v 77 | |
| 880 | 1 | 0 | |6 600-05 |a 松尾芭蕉, |d 1644-1694. |
| 988 | |a 20021214 | ||
| 906 | |0 DLC | ||


